七大汉语变体 - Statistics

General Stats
  • This quiz has been taken 130 times
  • The average score is 5 of 7
Answer Stats
汉语变体 % Correct
粤语
99%
吴语
88%
闽语
70%
官话
64%
湘语
60%
赣语
60%
客语
56%
No matching quizzes found
Score Distribution
Percent of People with Each Score
Percentile by Number Answered
Your Score History
You have not taken this quiz